Tourism Education: an Emerging Essential (Record no. 909)

MARC details
000 -LEADER
Fixed length control field 00483nam a2200157 4500
003 - CONTROL NUMBER IDENTIFIER
Control field SEACOMMC
005 - DATE AND TIME OF LATEST TRANSACTION
Control field 20250429110456.0
008 - FIXED-LENGTH DATA ELEMENTS--GENERAL INFORMATION
Fixed length control field 241220b |||||||| |||| 00| 0 eng d
020 ## - INTERNATIONAL STANDARD BOOK NUMBER / ISBN
International Standard Book Number 81-7391-832-5
Price Rs.595.00
040 ## - CATALOGING SOURCE
Original cataloging agency SEACOMMC
082 ## - DEWEY DECIMAL CLASSIFICATION NUMBER
Classification number 910.07
Book Number B 575
100 ## - MAIN ENTRY--PERSONAL NAME
Personal name Bhardwaj, D. S
245 1# - TITLE STATEMENT
Title Tourism Education: an Emerging Essential
Statement of responsibility edited by D. S. Bhardwaj, Krishan K. Kamra; Manjula Chaudhary and S. S. Boora
650 ## - SUBJECT ADDED ENTRY--TOPICAL TERM
Topical term Tourism Education - India
942 ## - ADDED ENTRY ELEMENTS (KOHA)
Koha item type Books
Holdings
Withdrawn status Lost status Source of classification Damaged status Not for loan Home library Current library Shelving location Date acquired Total Checkouts Call number Accession number Date last seen Price effective from Koha item type
    Dewey Decimal Classification     SEACOM MANAGEMENT COLLEGE SEACOM MANAGEMENT COLLEGE Reference 11/12/2007   910.07 B 575 M-1222 20/12/2024 20/12/2024 Books
© Seacom Engineering College, All rights reserved.    Powered by Koha